Interpreting nature : cultural constructions of the environment

Αποθηκεύτηκε σε:
Λεπτομέρειες βιβλιογραφικής εγγραφής
Κύριος συγγραφέας: Simmons, I. G. (Ian Gordon) 1937-
Μορφή: Βιβλίο
Γλώσσα:English
Δημοσίευση: London : Routledge, c1993
Θέματα:
Ετικέτες: Προσθήκη ετικέτας
Δεν υπάρχουν, Καταχωρήστε ετικέτα πρώτοι!

MARC

LEADER 00000nam a2200000 i 4500
001 1/69737
008 981110s1993 eng d
020 |a 0-415-09706-1 
035 |l 10030450 
040 |a GR-MY-UA  |b gre  |e aacr 
041 0 |a eng 
082 0 |a 363.7 
100 1 |a Simmons, I. G.  |q (Ian Gordon)  |d 1937- 
245 1 0 |a Interpreting nature :  |b cultural constructions of the environment /  |c I.G. Simmons 
260 |a London :   |b Routledge,   |c c1993 
300 |a 215 p. 
504 |a Includes bibliographical references and index 
650 0 0 |a Environmentalism. 
650 0 0 |a Environmental sciences  |x Social aspects. 
650 0 0 |a Nature  |x Effect of human beings on. 
852 |a INST  |b LESVOS  |e 19981110  |h 363.7 SIM  |p 005100017725  |q 005100017725  |t BK  |y 0 
901 |a BIBL-1999-1 
909 |a Λ  |b 059806 
922 |a 1ΕΛΗ  |b 199810  |c ΚΠΣ/ΤΓ  |d ΠΑΠΑΣΩΤΗΡΙΟΥ 
950 |a 118-1998-07-21